[Event "Guba op"]
[Site "Guba"]
[Date "2025.07.18"]
[Round "4"]
[White "Valiyeva, Asnad"]
[Black "Moshenberg, David"]
[Result "1-0"]
[WhiteElo "1784"]
[BlackElo "1863"]
[PlyCount "65"]
[EventDate "2025.07.16"]
[EventType "swiss"]
[EventRounds "9"]
[EventCountry "AZE"]
[SourceTitle "CB30_2025"]
[SourceDate "2025.07.23"]
[SourceVersion "1"]
[SourceVersionDate "2025.07.23"]
[SourceQuality "1"]

1. e4 c5 2. Nf3 Nc6 3. Bb5 e6 4. 0-0 Nge7 5. c3 a6 6. Bxc6 Nxc6 7. d4 cxd4 8. cxd4 d5 9. e5 Be7 10. Nc3 0-0 11. Be3 b5 12. Rc1 Bb7 13. Ne1 Na5 14. Qg4 Kh8 15. b3 Rc8 16. Ne2 Rxc1 17. Bxc1 Qc7 18. Bd2 Nc6 19. Nd3 Ba3 20. Ng3 Ne7 21. Qd1 Rc8 22. Ne1 Bb2 23. Bb4 Nc6 24. Bd6 Qa5 25. Nf3 h6 26. a4 bxa4 27. bxa4 Ba8 28. Ne2 Nb4 29. Qb3 Rc4 30. Qxb2 Qxa4 31. Nd2 Rc2 32. Qxb4 Qxb4 33. Bxb4 1-0

[Event "Nova Gorica op 29th"]
[Site "Nova Gorica"]
[Date "2025.01.31"]
[Round "9"]
[White "Mihic, Adam"]
[Black "Moshenberg, David"]
[Result "1-0"]
[WhiteElo "1810"]
[BlackElo "1936"]
[PlyCount "119"]
[EventDate "2025.01.24"]
[EventType "swiss"]
[EventRounds "9"]
[EventCountry "SLO"]
[SourceTitle "CB06_2025"]
[SourceDate "2025.02.05"]
[SourceVersion "1"]
[SourceVersionDate "2025.02.05"]
[SourceQuality "1"]

1. e4 c5 2. Nf3 Nc6 3. d4 cxd4 4. Nxd4 Nf6 5. Nc3 e5 6. Ndb5 d6 7. Bg5 a6 8. Na3 b5 9. Nd5 Be7 10. Bxf6 Bxf6 11. c3 Bg5 12. Bd3 Ne7 13. Nxe7 Bxe7 14. Nc2 0-0 15. Ne3 Bg5 16. Qe2 Be6 17. 0-0 Qb6 18. Rfe1 Bxe3 19. Qxe3 Qxe3 20. Rxe3 f6 21. f3 d5 22. exd5 Bxd5 23. Kf2 Rfd8 24. Be4 Bxe4 25. Rxe4 Rd2+ 26. Re2 Rad8 27. a4 bxa4 28. Rxa4 Rxe2+ 29. Kxe2 Rb8 30. b4 Rb6 31. Kd3 Kf7 32. Kc4 Rc6+ 33. Kd5 Re6 34. c4 Ke7 35. b5 Rd6+ 36. Kc5 axb5 37. cxb5 Rd2 38. b6 Rc2+ 39. Kb5 Kd6 40. Ka6 Rb2 41. Rc4 Ra2+ 42. Kb7 Rb2 43. Rc1 f5 44. Rd1+ Kc5 45. Kc7 Rxb6 46. Rc1+ Kd4 47. Kxb6 e4 48. Rd1+ Ke3 49. fxe4 fxe4 50. Kc5 Kf2 51. Kd4 e3 52. Kd3 Kxg2 53. Kxe3 g5 54. Rd2+ Kh3 55. Rf2 h5 56. Ke2 g4 57. Kf1 g3 58. hxg3 Kxg3 59. Kg1 h4 60. Ra2 1-0

[Event "Nova Gorica op 29th"]
[Site "Nova Gorica"]
[Date "2025.01.28"]
[Round "6"]
[White "Moshenberg, David"]
[Black "Krstic, David"]
[Result "0-1"]
[WhiteElo "1936"]
[BlackElo "1768"]
[PlyCount "112"]
[EventDate "2025.01.24"]
[EventType "swiss"]
[EventRounds "9"]
[EventCountry "SLO"]
[SourceTitle "CB06_2025"]
[SourceDate "2025.02.05"]
[SourceVersion "1"]
[SourceVersionDate "2025.02.05"]
[SourceQuality "1"]

1. d4 Nf6 2. c4 g6 3. Nc3 Bg7 4. e4 d6 5. f3 0-0 6. Be3 e5 7. Nge2 Nc6 8. Qd2 Nd7 9. 0-0-0 exd4 10. Nxd4 Nde5 11. Be2 Nxd4 12. Bxd4 Be6 13. b3 a5 14. Nd5 Bxd5 15. cxd5 a4 16. b4 Rc8 17. Kb1 Qe7 18. a3 h5 19. Bb5 c6 20. dxc6 bxc6 21. Be2 c5 22. bxc5 dxc5 23. Bc3 Rb8+ 24. Kc1 Qb7 25. Qc2 Nc6 26. Bxg7 Kxg7 27. Qc3+ Nd4 28. Bc4 Kg8 29. Kd2 Qe7 30. Ke3 Rb6 31. Rb1 Rfb8 32. Rxb6 Rxb6 33. Rd1 Qg5+ 34. Kf2 Qh4+ 35. Kg1 Rb3 36. Qc1 Rb8 37. Bf1 Qe7 38. Qc4 Qa7 39. Rc1 Ne6 40. Qa6 Qxa6 41. Bxa6 Rb3 42. Ra1 Nf4 43. g3 Ne6 44. f4 Nd4 45. e5 Rb2 46. Bc4 Nf3+ 47. Kf1 Nd2+ 48. Ke2 Nxc4+ 49. Kd3 Na5 50. Rc1 Rb3+ 51. Ke4 c4 52. Kd4 Rxa3 53. Kc5 Nb3+ 54. Kb4 Nxc1 55. Kxa3 c3 56. Kxa4 c2 0-1

[Event "Nova Gorica op 29th"]
[Site "Nova Gorica"]
[Date "2025.01.26"]
[Round "4"]
[White "Moshenberg, David"]
[Black "Macek, Inti"]
[Result "0-1"]
[WhiteElo "1936"]
[BlackElo "1697"]
[PlyCount "126"]
[EventDate "2025.01.24"]
[EventType "swiss"]
[EventRounds "9"]
[EventCountry "SLO"]
[SourceTitle "CB06_2025"]
[SourceDate "2025.02.05"]
[SourceVersion "1"]
[SourceVersionDate "2025.02.05"]
[SourceQuality "1"]

1. d4 d5 2. c4 e6 3. Nc3 Nf6 4. Bg5 Be7 5. c5 0-0 6. Nf3 b6 7. b4 bxc5 8. bxc5 c6 9. e3 Qa5 10. Qd2 Ba6 11. Bxa6 Qxa6 12. Ne5 h6 13. Bh4 Bd8 14. f3 Nfd7 15. Bg3 Ba5 16. Nxd7 Nxd7 17. Kf2 f6 18. Bd6 Rf7 19. Rab1 e5 20. Rb3 Qc8 21. Rhb1 Bc7 22. Bxc7 Qxc7 23. Rb7 Qd8 24. Qd3 Rb8 25. Qa6 Rxb7 26. Rxb7 exd4 27. exd4 f5 28. g3 Qf6 29. Ne2 Re7 30. Qxa7 Qf7 31. Nf4 g5 32. Rxd7 Rxd7 33. Qa8+ Kg7 34. Nd3 Ra7 35. Qxc6 Qh5 36. Kg2 Rxa2+ 37. Nf2 g4 38. Qd7+ Qf7 39. Qxf7+ Kxf7 40. fxg4 fxg4 41. Kg1 h5 42. Nd3 Rd2 43. Ne5+ Ke6 44. Nc6 Kd7 45. Ne5+ Kc7 46. Ng6 Rxd4 47. Nf4 Kc6 48. Nxh5 Kxc5 49. Nf6 Kc4 50. Kf2 Kc3 51. Ke3 Rd3+ 52. Kf4 Rf3+ 53. Ke5 Rxf6 54. Kxf6 d4 55. Kg5 d3 56. Kxg4 d2 57. Kg5 d1Q 58. h4 Qd5+ 59. Kf4 Kd4 60. g4 Qe5+ 61. Kf3 Qe3+ 62. Kg2 Ke4 63. h5 Qf3+ 0-1

[Event "Nova Gorica op 29th"]
[Site "Nova Gorica"]
[Date "2025.01.24"]
[Round "1"]
[White "Benassi, Valentino"]
[Black "Moshenberg, David"]
[Result "1-0"]
[WhiteElo "1796"]
[BlackElo "1936"]
[PlyCount "73"]
[EventDate "2025.01.24"]
[EventType "swiss"]
[EventRounds "9"]
[EventCountry "SLO"]
[SourceTitle "CB06_2025"]
[SourceDate "2025.02.05"]
[SourceVersion "1"]
[SourceVersionDate "2025.02.05"]
[SourceQuality "1"]

1. e4 c5 2. Nf3 Nc6 3. Bb5 g6 4. Bxc6 dxc6 5. d3 Bg7 6. 0-0 Nf6 7. h3 0-0 8. Re1 b6 9. Nbd2 Ba6 10. e5 Nd5 11. e6 f5 12. Nc4 Qc7 13. Nce5 Rad8 14. Nf7 Rc8 15. Bh6 Bxh6 16. Nxh6+ Kg7 17. Nf7 Nf4 18. Qd2 Nxe6 19. Rxe6 Rxf7 20. Ng5 Rf6 21. Qc3 Qd7 22. Rae1 Re8 23. Qe5 h6 24. Rxf6 exf6 25. Qxe8 Qxe8 26. Rxe8 fxg5 27. Re7+ Kf6 28. Rxa7 Bc8 29. Rc7 Be6 30. Rxc6 Ke5 31. Rxb6 Bxa2 32. Rxg6 Bb1 33. c3 Bxd3 34. Rxh6 f4 35. b4 cxb4 36. cxb4 Kd4 37. Rh8 1-0